| 000 | 01701cam a2200349 a 4500 | ||
|---|---|---|---|
| 001 | 16343883 | ||
| 005 | 20170105102852.0 | ||
| 008 | 100722s2010 nyua b 001 0 eng | ||
| 010 | _a 2010029828 | ||
| 020 | _a9780231702164 (alk. paper) | ||
| 020 | _a0231702167 (alk. paper) | ||
| 035 | _a(OCoLC)ocn635463733 | ||
| 040 |
_aDLC _cDLC _dYDX _dBTCTA _dYDXCP _dCDX _dBWX _dDLC |
||
| 043 |
_aap----- _ap------ |
||
| 050 | 0 | 0 |
_aDS326 _b.D28 2010 |
| 082 | 0 | 0 |
_a337.53605 _222 |
| 100 | 1 |
_aDavidson, Christopher M. _q(Christopher Michael) |
|
| 245 | 1 | 4 |
_aThe Persian Gulf and Pacific Asia : _bfrom indifference to interdependence / _cChristopher Davidson. |
| 260 |
_aNew York : _bColumbia University Press, _cc2010. |
||
| 300 |
_axiv, 145 p. : _bill. ; _c23 cm. |
||
| 490 | 1 | _aPower and politics in the gulf | |
| 504 | _aIncludes bibliographical references and index. | ||
| 505 | 0 | _aHistorical background -- Economic and demographic comparison -- The hydrocarbon trade -- The non-hydrocarbon trade -- Investments and joint ventures -- Construction and labour contracts -- An Asian security umbrella? -- Diplomacy and dialogue -- Future initiatives and collaborations -- Conclusion. | |
| 651 | 0 |
_aPersian Gulf Region _xForeign relations _zPacific Area. |
|
| 651 | 0 |
_aPacific Area _xForeign relations _zPersian Gulf Region. |
|
| 651 | 0 |
_aPersian Gulf Region _xForeign economic relations _zPacific Area. |
|
| 651 | 0 |
_aPacific Area _xForeign economic relations _zPersian Gulf Region. |
|
| 830 | 0 | _aPower and politics in the gulf. | |
| 906 |
_a7 _bcbc _corignew _d1 _eecip _f20 _gy-gencatlg |
||
| 942 |
_2ddc _cBK |
||
| 999 |
_c14324 _d14324 |
||